| 000 | 00489nam a22001697a 4500 | ||
|---|---|---|---|
| 005 | 20250314124412.0 | ||
| 008 | 250314b |||||||| |||| 00| 0 eng d | ||
| 020 | _a9780073270272 | ||
| 050 |
_aHM585 _b.S324 SCH |
||
| 100 | _aSchaefer Richard T. | ||
| 245 |
_aSociology: _bA Brief Introduction/ _cRichard T. Schaefer |
||
| 250 | _a7th Ed. | ||
| 260 |
_aBoston _bMcGraw-Hill _c2008 |
||
| 300 |
_axxxii. 479p. _bill. (some col.) _c28 cm |
||
| 650 | _2Sociology | ||
| 942 |
_2lcc _cBK _e7th Ed. _n0 |
||
| 999 |
_c4792 _d4792 |
||